Países que fazem fronteira com: Moçambique#7 - Statistics

Estatísticas Gerais
  • Esse quiz foi jogado 65 vezes
  • A pontuação média é 6 de 6
Estatísticas das Respostas
País % Correto
Zimbábue
100%
África do Sul
97%
Zâmbia
97%
Tanzânia
92%
Essuatíni
86%
Malaui
85%
Nenhum quiz correspondente encontrado
Distribuição das Pontuações
Porcentagem de Pessoas com Cada Pontuação
Percentil de Números Respondidos
Sua Pontuação Histórica
Você não jogou esse quiz